Construction Planning And Technology (Record no. 532515)
[ view plain ]
| 000 -LEADER | |
|---|---|
| fixed length control field | 00458nam a22001937a 4500 |
| 003 - CONTROL NUMBER IDENTIFIER | |
| control field | NUST |
| 005 - DATE AND TIME OF LATEST TRANSACTION | |
| control field | 20191122123722.0 |
| 008 - FIXED-LENGTH DATA ELEMENTS--GENERAL INFORMATION | |
| fixed length control field | 191122b ||||| |||| 00| 0 eng d |
| 020 ## - INTERNATIONAL STANDARD BOOK NUMBER | |
| International Standard Book Number | 8123916116 |
| 024 ## - OTHER STANDARD IDENTIFIER | |
| Standard number or code | 9788123916118 |
| 038 ## - RECORD CONTENT LICENSOR | |
| Staff Name | MSOHAIL |
| 082 ## - DEWEY DECIMAL CLASSIFICATION NUMBER | |
| Classification number | 0 |
| 100 ## - MAIN ENTRY--PERSONAL NAME | |
| Personal name | Gupta Rajiv |
| 9 (RLIN) | 26084 |
| 245 ## - TITLE STATEMENT | |
| Title | Construction Planning And Technology |
| 250 ## - EDITION STATEMENT | |
| Edition statement | 2nd |
| 260 ## - PUBLICATION, DISTRIBUTION, ETC. | |
| Place of publication, distribution, etc. | New Delhi |
| Name of publisher, distributor, etc. | CBS Publishers |
| Date of publication, distribution, etc. | c2014 |
| 300 ## - PHYSICAL DESCRIPTION | |
| Extent | P;414 |
| 942 ## - ADDED ENTRY ELEMENTS (KOHA) | |
| Source of classification or shelving scheme | |
| Koha item type | Book |
| Withdrawn status | Lost status | Source of classification or shelving scheme | Damaged status | Not for loan | Permanent Location | Current Location | Date acquired | Total Checkouts | Barcode | Date last seen | Price effective from | Koha item type |
|---|---|---|---|---|---|---|---|---|---|---|---|---|
| School of Civil and Environmental Engineering (SCEE) | School of Civil and Environmental Engineering (SCEE) | 11/22/2019 | NIT-12401 | 11/22/2019 | 11/22/2019 | Book |
